[Event "Sparkassen-Open A"]
[Site "Heusenstamm, Martinsee"]
[Date "2024.11.22"]
[Round "2.1"]
[White "Henrich, Thomas"]
[Black "Grigoryan, Karen H."]
[Result "0-1"]
[WhiteElo "2085"]
[BlackElo "2603"]
[PlyCount "70"]
[EventDate "2024.11.21"]
[WhiteTeam "SK Marburg 1931/72"]
[BlackTeam "Yerevan"]

1. e4 c5 2. Nf3 e6 3. d4 cxd4 4. Nxd4 Nc6 5. Nc3 Qc7 6. Be3 a6 7. a3 Nf6 8. Qf3 Bd6 9. O-O-O Be5 10. g3 b5 11. Nxc6 dxc6 12. Bc5 Nd7 13. Bd4 Bxd4 14. Rxd4 c5 15. Rd2 b4 16. Nb1 Bb7 17. Bg2 O-O 18. Qe2 Nb6 19. Rhd1 a5 20. f4 c4 21. Qh5 c3 22. bxc3 bxa3 23. Nxa3 Ba6 24. Qe5 Qb7 25. Rd4 Qc6 26. Rd6 Qa4 27. Qc5 Rac8 28. Qxb6 Qxa3+ 29. Qb2 Qc5 30. R1d4 Bb5 31. f5 h6 32. Bh3 Kh8 33. fxe6 fxe6 34. Rxe6 Rb8 35. Qa1 Qg5+ 0-1

[Event "Sparkassen-Open A"]
[Site "Heusenstamm, Martinsee"]
[Date "2024.11.22"]
[Round "2.2"]
[White "Sivuk, Vitaly"]
[Black "Bardorz, Jana"]
[Result "1-0"]
[WhiteElo "2502"]
[BlackElo "2083"]
[PlyCount "109"]
[EventDate "2024.11.21"]
[WhiteTeam "Sfr. Wolfhagen e. V."]
[BlackTeam "TSV 1869 e. V. Rottendorf"]

1. d4 d5 2. c4 e6 3. Nc3 Nf6 4. cxd5 exd5 5. Bg5 Be7 6. e3 O-O 7. Bd3 h6 8. Bh4 Re8 9. Nf3 c6 10. Bg3 Bd6 11. Bxd6 Qxd6 12. Qc2 Nbd7 13. O-O Nf8 14. Rab1 Nh5 15. b4 Ne6 16. Rfc1 g5 17. Na4 a6 18. Ne5 Neg7 19. Bh7+ Kf8 20. Qc5 Qxc5 21. bxc5 Nf6 22. Bd3 Re7 23. Rb3 Ne6 24. Rcb1 Nd8 25. f3 Ke8 26. Nb6 Rb8 27. Kf2 Be6 28. g4 Nd7 29. Nexd7 Bxd7 30. Bxa6 bxa6 31. Nxd7 Rxb3 32. Nf6+ Kf8 33. Rxb3 Kg7 34. Nh5+ Kg6 35. Rb8 Rd7 36. Ng3 Kf6 37. a4 Nb7 38. Ra8 a5 39. h3 Rd8 40. Ra6 Rc8 41. Nf5 h5 42. Rb6 Rc7 43. Nd6 Nxd6 44. cxd6 Rd7 45. Rxc6 hxg4 46. hxg4 Ke6 47. e4 dxe4 48. fxe4 f6 49. Rb6 Rd8 50. Ke3 Rc8 51. Kd3 Rc1 52. d7+ Kxd7 53. Rxf6 Ra1 54. Kc4 Rxa4+ 55. Kd5 1-0

[Event "Sparkassen-Open A"]
[Site "Heusenstamm, Martinsee"]
[Date "2024.11.22"]
[Round "2.3"]
[White "Reschke, Thomas"]
[Black "Krastev, Alexander"]
[Result "0-1"]
[WhiteElo "2082"]
[BlackElo "2425"]
[PlyCount "68"]
[EventDate "2024.11.21"]
[WhiteTeam "SC Frankfurt-West"]
[BlackTeam "Schachgesellschaft Solingen e. V"]

1. c4 e5 2. g3 Nf6 3. Bg2 h6 4. a3 c6 5. d4 e4 6. Nc3 d5 7. cxd5 cxd5 8. Nh3 Be7 9. O-O O-O 10. f3 exf3 11. exf3 Nc6 12. Be3 Na5 13. Nf4 Nc4 14. Bc1 Bd6 15. Nfxd5 Nxd5 16. Nxd5 Bxg3 17. f4 Bh4 18. f5 Nb6 19. Nc3 Bf6 20. d5 Nc4 21. Qg4 Nd6 22. Bxh6 Nxf5 23. Rxf5 Bxf5 24. Qxf5 Bxc3 25. bxc3 Qb6+ 26. Kh1 Qxh6 27. Rd1 Rad8 28. Be4 Rd6 29. c4 Re8 30. Bg2 b6 31. h3 Qh4 32. Kh2 Qxc4 33. Rf1 Qc7 34. Be4 Rf6+ 0-1

[Event "Sparkassen-Open A"]
[Site "Heusenstamm, Martinsee"]
[Date "2024.11.22"]
[Round "2.4"]
[White "Peng, Li Min"]
[Black "Steinle, Carsten"]
[Result "1-0"]
[WhiteElo "2516"]
[BlackElo "2054"]
[PlyCount "57"]
[EventDate "2024.11.21"]
[WhiteTeam "Sfr. Wolfhagen e. V."]
[BlackTeam "Schachverein Ahlen 1954 e. V."]

1. c4 b6 2. Nf3 e6 3. b3 Bb7 4. Bb2 Nf6 5. Nc3 Be7 6. Qc2 d5 7. cxd5 exd5 8. d4 O-O 9. e3 Nbd7 10. Rd1 Ne4 11. Bd3 f5 12. O-O Bf6 13. Ne2 Rc8 14. Ne5 Bxe5 15. dxe5 Ndc5 16. Nf4 Qe7 17. Bxe4 dxe4 18. Qc4+ Kh8 19. Ba3 Rfe8 20. Qe2 Qxe5 21. Bb2 Ba6 22. Bxe5 Bxe2 23. Bxg7+ Kxg7 24. Nxe2 Nd3 25. f3 Rcd8 26. Nd4 Rd5 27. g4 exf3 28. Rxd3 fxg4 29. Ne6+ 1-0

[Event "Sparkassen-Open A"]
[Site "Heusenstamm, Martinsee"]
[Date "2024.11.22"]
[Round "2.5"]
[White "Stümer, Paul"]
[Black "Köllner, Ruben Gideon"]
[Result "0-1"]
[WhiteElo "2078"]
[BlackElo "2484"]
[PlyCount "46"]
[EventDate "2024.11.21"]
[WhiteTeam "SV Bergneustadt/Dersch"]
[BlackTeam "SF Deizisau"]

1. Nf3 d5 2. e3 Nf6 3. c4 c6 4. b3 Bf5 5. Bb2 e6 6. Be2 h6 7. O-O Nbd7 8. Nc3 Bd6 9. h3 O-O 10. Rc1 a6 11. d3 Bh7 12. Re1 e5 13. cxd5 cxd5 14. Bf1 Re8 15. a3 Qe7 16. b4 e4 17. dxe4 dxe4 18. Nd4 Rad8 19. Qb3 h5 20. Nd5 Nxd5 21. Qxd5 Ne5 22. Qb3 Bb8 23. Red1 h4 0-1

[Event "Sparkassen-Open A"]
[Site "Heusenstamm, Martinsee"]
[Date "2024.11.22"]
[Round "2.6"]
[White "Poetsch, Hagen"]
[Black "Böddeker, Henry"]
[Result "1/2-1/2"]
[WhiteElo "2502"]
[BlackElo "2059"]
[PlyCount "67"]
[EventDate "2024.11.21"]
[WhiteTeam "SC Heusenstamm"]
[BlackTeam "SF Berlin 1903 e.V."]

1. e4 c5 2. Nf3 Nc6 3. Bb5 g6 4. c3 Bg7 5. d4 Qb6 6. a4 cxd4 7. O-O a6 8. Bxc6 bxc6 9. a5 Qc7 10. cxd4 Nf6 11. Nc3 d5 12. e5 Ne4 13. Nxe4 dxe4 14. Ng5 c5 15. Qc2 Bf5 16. Nxe4 Rc8 17. Qe2 Bxe4 18. Qxe4 cxd4 19. Bf4 O-O 20. Qxd4 Rfd8 21. Qe3 Qc2 22. b4 Qc4 23. Rab1 Rd3 24. Rfc1 Rxe3 25. Rxc4 Re1+ 26. Rxe1 Rxc4 27. g3 Rxb4 28. Rc1 h6 29. Rc6 g5 30. Bd2 Rb1+ 31. Kg2 Bxe5 32. Rxa6 Bd4 33. Ra8+ Kg7 34. Rd8 1/2-1/2

[Event "Sparkassen-Open A"]
[Site "Heusenstamm, Martinsee"]
[Date "2024.11.22"]
[Round "2.7"]
[White "Berkes, Alexander"]
[Black "Noe, Christopher"]
[Result "0-1"]
[WhiteElo "2036"]
[BlackElo "2510"]
[PlyCount "76"]
[EventDate "2024.11.21"]
[WhiteTeam "SK Langen"]
[BlackTeam "SC Eppingen"]

1. e4 c6 2. Nf3 d5 3. Nc3 g6 4. d4 Bg7 5. Be2 Bg4 6. exd5 cxd5 7. Ne5 Bxe2 8. Qxe2 a6 9. Qf3 Nf6 10. Bg5 Nc6 11. O-O-O O-O 12. Qh3 Rc8 13. Bh6 b5 14. Bxg7 Kxg7 15. Ng4 Nxg4 16. Qxg4 Qa5 17. Kb1 e6 18. h4 h5 19. Qf4 Qc7 20. Ne2 Qxf4 21. Nxf4 Ne7 22. Nd3 Nf5 23. c3 a5 24. g3 Rc4 25. Ne5 Rc7 26. Nd3 Rfc8 27. Rhe1 Nd6 28. Nc5 b4 29. cxb4 axb4 30. Rc1 Nc4 31. b3 Na3+ 32. Kb2 Kg8 33. Re2 Nb5 34. Rd2 e5 35. Re1 Nxd4 36. Na6 Rb7 37. Rc1 Rxc1 38. Kxc1 Rb6 0-1

[Event "Sparkassen-Open A"]
[Site "Heusenstamm, Martinsee"]
[Date "2024.11.22"]
[Round "2.8"]
[White "Nothnagel, Marian Can"]
[Black "Zekovic, Alija"]
[Result "1-0"]
[WhiteElo "2416"]
[BlackElo "2069"]
[PlyCount "59"]
[EventDate "2024.11.21"]
[WhiteTeam "SK Bickenbach"]
[BlackTeam "Dietzenbach"]

1. e4 e5 2. Nf3 Nc6 3. Bc4 h6 4. d4 exd4 5. Nxd4 Bc5 6. Bxf7+ Kf8 7. Nxc6 bxc6 8. Bb3 Ba6 9. Qf3+ Nf6 10. Be3 Qe7 11. Bxc5 Qxc5 12. Nc3 Re8 13. O-O-O d6 14. Rhe1 Re5 15. g3 Bc4 16. Qg2 Bxb3 17. axb3 Qa5 18. f4 Rc5 19. Na4 Rb5 20. e5 dxe5 21. Qxc6 Kf7 22. c4 Rbb8 23. Rxe5 Qb4 24. Qe6+ Kg6 25. Qf5+ Kf7 26. Rd7+ Kg8 27. Qe6+ Kh7 28. Qxf6 Rhg8 29. Ree7 Kh8 30. Qxh6+ 1-0

[Event "Sparkassen-Open A"]
[Site "Heusenstamm, Martinsee"]
[Date "2024.11.22"]
[Round "2.9"]
[White "Dörr, Tarik"]
[Black "Milov, Leonid"]
[Result "0-1"]
[WhiteElo "2056"]
[BlackElo "2427"]
[PlyCount "98"]
[EventDate "2024.11.21"]
[WhiteTeam "SC Einrich e.V."]
[BlackTeam "SC Noris-Tarrasch Nürnberg 1873"]

1. e4 c5 2. Nf3 e6 3. g3 Nc6 4. Bg2 Nf6 5. Qe2 d6 6. O-O Be7 7. c3 e5 8. Na3 O-O 9. d3 Re8 10. Bg5 h6 11. Bxf6 Bxf6 12. Nd2 g6 13. Ndc4 a6 14. Ne3 Be6 15. f4 exf4 16. gxf4 Bg7 17. f5 Bc8 18. f6 Bxf6 19. Qf2 Bg7 20. Qxf7+ Kh7 21. Nac4 Re7 22. Qd5 Be6 23. Qxd6 Qxd6 24. Nxd6 Rd8 25. e5 Bxe5 26. Bxc6 bxc6 27. Ndc4 Bc7 28. Rae1 Rde8 29. Ng2 Bf5 30. Rxe7+ Rxe7 31. Re1 Rxe1+ 32. Nxe1 g5 33. Kg2 g4 34. Ne3 Be6 35. N1c2 h5 36. b4 cxb4 37. Nxb4 Bf4 38. Nc4 Bf5 39. Na5 Bd2 40. Naxc6 Bxc3 41. Nd5 Bb2 42. Nf4 Kh6 43. Ne7 Bd7 44. Nfd5 Kg5 45. Nc7 a5 46. Ncd5 Bb5 47. d4 Bxd4 48. Nc7 Bd7 49. Ned5 h4 0-1

[Event "Sparkassen-Open A"]
[Site "Heusenstamm, Martinsee"]
[Date "2024.11.22"]
[Round "2.10"]
[White "Dgebuadze, Alexandre"]
[Black "Longo, Massimo"]
[Result "1-0"]
[WhiteElo "2408"]
[BlackElo "2058"]
[PlyCount "35"]
[EventDate "2024.11.21"]
[WhiteTeam "SC Remagen-Sinzig e.V."]
[BlackTeam "SK Gräfelfing"]

1. c4 Nf6 2. Nc3 e6 3. Nf3 b6 4. e4 Bb7 5. Bd3 d6 6. Bc2 e5 7. d4 exd4 8. Nxd4 Be7 9. Ba4+ Nfd7 10. Nd5 O-O 11. O-O Nc5 12. Bc2 Nc6 13. Nf5 Bf6 14. Rb1 Bc8 15. b4 Bxf5 16. exf5 Nd7 17. Be4 Nde5 18. f4 1-0

[Event "Sparkassen-Open A"]
[Site "Heusenstamm, Martinsee"]
[Date "2024.11.22"]
[Round "2.11"]
[White "Surányi, Pál"]
[Black "Smith, Bryan"]
[Result "1-0"]
[WhiteElo "2033"]
[BlackElo "2399"]
[PlyCount "109"]
[EventDate "2024.11.21"]
[WhiteTeam "SV 03/25 Koblenz"]
[BlackTeam "TSV Poing"]

1. d4 Nf6 2. c4 g6 3. Nc3 Bg7 4. e4 d6 5. Nf3 O-O 6. Bd3 Bg4 7. Be2 c5 8. d5 e6 9. O-O exd5 10. exd5 Nbd7 11. h3 Bxf3 12. Bxf3 Ne8 13. Qc2 f5 14. g3 Be5 15. Kg2 Ng7 16. Bh6 Rf7 17. Rae1 f4 18. Bxg7 Kxg7 19. Bg4 Bd4 20. Be6 Rf8 21. Re4 fxg3 22. fxg3 Rxf1 23. Kxf1 Ne5 24. Ne2 Qb6 25. b3 Rf8+ 26. Rf4 Qd8 27. Qe4 Qa5 28. Rxf8 Kxf8 29. Qf4+ Ke8 30. Qf6 Qd2 31. Nxd4 Qxd4 32. Qh8+ Ke7 33. Qxh7+ Kd8 34. Qh8+ Kc7 35. Qc8+ Kb6 36. Qd8+ Ka6 37. Qxd6+ b6 38. Qf8 Qa1+ 39. Kg2 Qxa2+ 40. Qf2 Qxf2+ 41. Kxf2 Kb7 42. h4 Kc7 43. g4 Kd6 44. h5 a6 45. Ke3 gxh5 46. gxh5 Ke7 47. Ke4 Kf6 48. h6 Ng6 49. Bc8 Nh8 50. d6 Nf7 51. Kd5 Nxh6 52. Be6 b5 53. d7 Ke7 54. cxb5 axb5 55. Kxc5 1-0

[Event "Sparkassen-Open A"]
[Site "Heusenstamm, Martinsee"]
[Date "2024.11.22"]
[Round "2.12"]
[White "Bagrationi, Alexander"]
[Black "Piotraschke, Jens"]
[Result "1-0"]
[WhiteElo "2391"]
[BlackElo "2056"]
[PlyCount "83"]
[EventDate "2024.11.21"]
[WhiteTeam "SV Hemer 1932 e. V."]
[BlackTeam "TuS Coswig 1920"]

1. d4 Nf6 2. c4 e6 3. Nf3 b6 4. g3 Ba6 5. Qa4 Bb7 6. Bg2 c5 7. dxc5 bxc5 8. O-O Be7 9. Nc3 O-O 10. Rd1 Qb6 11. Qc2 d6 12. Bf4 Rd8 13. Rd2 h6 14. e4 e5 15. Be3 Nc6 16. Nd5 Nxd5 17. cxd5 Nd4 18. Bxd4 cxd4 19. Bh3 Bc8 20. Bxc8 Raxc8 21. Qd3 Rc5 22. Rc2 Rdc8 23. Rac1 g6 24. Rxc5 Rxc5 25. Rxc5 Qxc5 26. Kg2 Kg7 27. Nd2 Qb4 28. Nc4 Qc5 29. a3 f5 30. b4 fxe4 31. bxc5 exd3 32. c6 Bd8 33. Kf3 Bc7 34. Ke4 Kf6 35. h4 g5 36. h5 g4 37. Kxd3 Kf5 38. a4 Kf6 39. Ke4 Kg5 40. Na3 a6 41. Nc2 Ba5 42. Nb4 1-0

[Event "Sparkassen-Open A"]
[Site "Heusenstamm, Martinsee"]
[Date "2024.11.22"]
[Round "2.13"]
[White "Schlößner, Henrik"]
[Black "Stork, Oliver"]
[Result "0-1"]
[WhiteElo "2049"]
[BlackElo "2366"]
[PlyCount "68"]
[EventDate "2024.11.21"]
[WhiteTeam "SK Gründau"]
[BlackTeam "Klub Kölner Schachfreunde e. V."]

1. e4 c5 2. Nf3 d6 3. d4 cxd4 4. Nxd4 Nf6 5. Nc3 Nc6 6. Bc4 e6 7. Be3 Be7 8. f3 O-O 9. Qd2 Na5 10. Be2 e5 11. Nb3 Be6 12. O-O Nc4 13. Bxc4 Bxc4 14. Rfd1 Qc7 15. Qf2 b5 16. Nd2 b4 17. Nxc4 Qxc4 18. Nd5 Nxd5 19. Rxd5 f5 20. Qd2 Rac8 21. exf5 Qxc2 22. Bxa7 Qa4 23. Be3 Rc2 24. Qd1 Qc6 25. a4 bxa3 26. bxa3 Rxf5 27. a4 Rf8 28. a5 Ra8 29. a6 Rc3 30. Qd2 Rxe3 31. Qa2 Kf8 32. a7 Bd8 33. Qd2 Bb6 34. Kh1 Bd4 0-1

[Event "Sparkassen-Open A"]
[Site "Heusenstamm, Martinsee"]
[Date "2024.11.22"]
[Round "2.14"]
[White "Golubka, Petro"]
[Black "Li, Yunqi"]
[Result "1/2-1/2"]
[WhiteElo "2365"]
[BlackElo "2046"]
[PlyCount "53"]
[EventDate "2024.11.21"]
[WhiteTeam "SC Heimbach-Weis/Neuwied e.V."]
[BlackTeam "SF 59 Kornwestheim"]

1. d4 Nf6 2. c4 e6 3. Nc3 Bb4 4. e3 b6 5. Bd3 Bb7 6. f3 O-O 7. Nge2 d5 8. O-O Nbd7 9. a3 Bxc3 10. bxc3 c5 11. cxd5 exd5 12. Re1 Re8 13. Ng3 Qc7 14. Bb2 c4 15. Bc2 g6 16. Qd2 Re6 17. e4 dxe4 18. fxe4 Rae8 19. e5 Nd5 20. Qh6 f6 21. Bxg6 hxg6 22. Qxg6+ Kf8 23. Nf5 Nxe5 24. Qh6+ Kg8 25. dxe5 fxe5 26. Qg5+ Kh8 27. Qh4+ 1/2-1/2

[Event "Sparkassen-Open A"]
[Site "Heusenstamm, Martinsee"]
[Date "2024.11.22"]
[Round "2.15"]
[White "Özdemir, Ali Özden"]
[Black "Boder, Jan"]
[Result "0-1"]
[WhiteElo "2043"]
[BlackElo "2338"]
[PlyCount "150"]
[EventDate "2024.11.21"]
[WhiteTeam "SK Langen"]
[BlackTeam "SC ML Kastellaun"]

1. e4 e5 2. Nc3 Nf6 3. f4 d5 4. fxe5 Nxe4 5. Nf3 c5 6. Qe2 Nxc3 7. dxc3 Be7 8. Bf4 O-O 9. O-O-O Be6 10. Qf2 Qa5 11. a3 c4 12. Qg3 Re8 13. h4 Nd7 14. h5 Bf8 15. Rh4 Nc5 16. Bh6 Kh8 17. Bg5 Na4 18. h6 g6 19. Nd4 Nxb2 20. Re1 Qxa3 21. Kd2 Na4 22. Nb5 Qb2 23. Nd6 Bxd6 24. exd6 Bf5 25. Rc1 Kg8 26. Be7 Nc5 27. Qe5 Ne6 28. g4 Be4 29. g5 Qb6 30. Rh2 Rxe7 31. dxe7 Qc7 32. Qxc7 Nxc7 33. Bg2 Re8 34. Re1 Rxe7 35. Rh4 Rd7 36. Bxe4 dxe4+ 37. Kc1 f5 38. gxf6 Kf7 39. Rhxe4 Kxf6 40. Rxc4 Kg5 41. Rd4 Rf7 42. Red1 Re7 43. Rd7 Kf6 44. Rf1+ Ke6 45. Rd3 Nb5 46. Kd2 Nd6 47. Re1+ Kd7 48. Ra1 Ke6 49. Re1+ Kd7 50. Ra1 Kc7 51. Rd4 a6 52. Rh1 b5 53. Rf4 Ne4+ 54. Kd3 Nc5+ 55. Kd2 g5 56. Rf5 Ne4+ 57. Kd3 Ng3 58. Rhf1 Nxf1 59. Rxf1 Kb6 60. Rf6+ Ka5 61. Kd4 Rc7 62. Re6 Rc4+ 63. Kd3 Rh4 64. Rf6 Rh3+ 65. Kd4 Rh2 66. Re6 g4 67. Re4 Rd2+ 68. Ke5 Rxc2 69. Rxg4 Rh2 70. Kd5 Rxh6 71. Kc5 Rh3 72. Kd4 Ka4 73. c4 b4 74. Rg1 Rh4+ 75. Kd5 Rh5+ 0-1

[Event "Sparkassen-Open A"]
[Site "Heusenstamm, Martinsee"]
[Date "2024.11.22"]
[Round "2.16"]
[White "Tschernatsch, Johannes"]
[Black "Stephanblome, Felix"]
[Result "1-0"]
[WhiteElo "2329"]
[BlackElo "2041"]
[PlyCount "153"]
[EventDate "2024.11.21"]
[WhiteTeam "SV Babelsberg 03 e.V."]
[BlackTeam "SV 1934 Ffm-Griesheim"]

1. e4 e5 2. Nf3 Nc6 3. Bc4 Bc5 4. c3 Nf6 5. d4 exd4 6. e5 d5 7. Bb5 Ne4 8. cxd4 Bb6 9. Nc3 O-O 10. Be3 Bg4 11. h3 Bh5 12. Qc2 Bg6 13. Qb3 Ne7 14. O-O c6 15. Bd3 Nd2 16. Nxd2 Bxd3 17. Rfe1 Bg6 18. Na4 Nf5 19. Nf3 Re8 20. Nxb6 axb6 21. Bd2 c5 22. Bc3 Re6 23. a3 c4 24. Qd1 b5 25. Qd2 h6 26. Kh2 Nh4 27. Ng1 Be4 28. f3 Bd3 29. g3 Rg6 30. Qf2 Nf5 31. g4 Ne7 32. Ne2 Bxe2 33. Qxe2 Rga6 34. f4 Nc6 35. Rad1 Rb6 36. Qd2 Qe7 37. f5 Qg5 38. Qxg5 hxg5 39. e6 f6 40. Kg3 Kf8 41. Rh1 Ke7 42. h4 gxh4+ 43. Rxh4 b4 44. axb4 Nxb4 45. Rh7 Rg8 46. Ra1 Na6 47. Kf4 Nb4 48. Kg3 Na6 49. g5 Nc7 50. Kf4 Ne8 51. Ra8 fxg5+ 52. Kxg5 Nf6 53. Rxg8 Nxh7+ 54. Kg6 Nf8+ 55. Kxg7 Nxe6+ 56. fxe6 Rxe6 57. Rf8 Kd7 58. Rf7+ Kc8 59. Rf6 Re2 60. Rd6 Rf2 61. Rxd5 b6 62. Kg6 Kc7 63. Rf5 Re2 64. Kf6 Kd6 65. d5 b5 66. Bb4+ Kd7 67. Ba3 b4 68. Bxb4 Rxb2 69. Bc3 Re2 70. Be5 Rd2 71. Bf4 Rd1 72. Ke5 c3 73. Rf7+ Kd8 74. Kd6 Ke8 75. Rc7 Rd3 76. Ke6 Kd8 77. d6 1-0

[Event "Sparkassen-Open A"]
[Site "Heusenstamm, Martinsee"]
[Date "2024.11.22"]
[Round "2.17"]
[White "Haack, Kevin"]
[Black "Capelja, Christian"]
[Result "1-0"]
[WhiteElo "2304"]
[BlackElo "2023"]
[PlyCount "109"]
[EventDate "2024.11.21"]
[WhiteTeam "SV 1920 Hofheim"]
[BlackTeam "SpVgg Rommelshausen"]

1. d4 Nf6 2. c4 e6 3. Nf3 d5 4. Nc3 c5 5. cxd5 Nxd5 6. e4 Nxc3 7. bxc3 cxd4 8. cxd4 Bb4+ 9. Bd2 Bxd2+ 10. Qxd2 O-O 11. Bc4 b6 12. O-O Bb7 13. Qf4 Nd7 14. Rad1 Rc8 15. Bb3 Qf6 16. Qe3 e5 17. Rfe1 exd4 18. Rxd4 Nc5 19. e5 Qe7 20. Nh4 Nxb3 21. axb3 f5 22. e6 Bc6 23. Qe5 g6 24. Nf3 Bxf3 25. Rd7 Qf6 26. gxf3 Qxe5 27. Rxe5 Rfe8 28. Rxa7 Rc6 29. Rd5 Rcxe6 30. Rdd7 h5 31. f4 Kf8 32. Rf7+ Kg8 33. Rfd7 Kf8 34. Rf7+ Kg8 35. Rg7+ Kh8 36. Rh7+ Kg8 37. Rhg7+ Kh8 38. Kg2 Re4 39. Kg3 h4+ 40. Kxh4 Rxf4+ 41. Kg5 Rg4+ 42. Kh6 Rh4+ 43. Kxg6 Rg4+ 44. Kf6 Rxg7 45. Rxg7 Re2 46. Rb7 Rxf2 47. Kg6 Rg2+ 48. Kxf5 Rxh2 49. Rxb6 Re2 50. Kg6 Rg2+ 51. Kf7 Rf2+ 52. Rf6 Rh2 53. b4 Kh7 54. b5 Rb2 55. b6 1-0

[Event "Sparkassen-Open A"]
[Site "Heusenstamm, Martinsee"]
[Date "2024.11.22"]
[Round "2.18"]
[White "Mandalka, Justus"]
[Black "Hirneise, Jens"]
[Result "1/2-1/2"]
[WhiteElo "2039"]
[BlackElo "2315"]
[PlyCount "62"]
[EventDate "2024.11.21"]
[WhiteTeam "SK Bad Homburg 1927"]
[BlackTeam "SC Böblingen 1975 e.V."]

1. e4 c5 2. Nf3 Nc6 3. d4 cxd4 4. Nxd4 Nf6 5. Nc3 d6 6. h3 g6 7. Be3 Bg7 8. Bc4 O-O 9. Bb3 Na5 10. O-O b6 11. Qd2 Bb7 12. f3 Rc8 13. Rad1 Nc4 14. Bxc4 Rxc4 15. b3 Rc8 16. Nce2 e5 17. Nb5 d5 18. exd5 Nxd5 19. c4 Nxe3 20. Qxe3 Qe7 21. Nd6 Rcd8 22. Nxb7 Qxb7 23. Nc3 f5 24. Nd5 Qf7 25. a4 Rfe8 26. Kh1 Bf8 27. Qc3 Rd6 28. Rfe1 Bg7 29. Qb4 Rc6 30. a5 bxa5 31. Qxa5 Qb7 1/2-1/2

[Event "Sparkassen-Open A"]
[Site "Heusenstamm, Martinsee"]
[Date "2024.11.22"]
[Round "2.19"]
[White "Hinrichs, Paul"]
[Black "Udelnov, Valentin"]
[Result "1-0"]
[WhiteElo "2286"]
[BlackElo "1980"]
[PlyCount "83"]
[EventDate "2024.11.21"]
[WhiteTeam "Sfr.Heidesheim"]
[BlackTeam "SG Aufbau Elbe Magdeburg"]

1. d4 Nf6 2. g3 g6 3. Bg2 Bg7 4. e4 d6 5. Ne2 O-O 6. Nbc3 e5 7. h3 Nbd7 8. O-O b6 9. Be3 Bb7 10. d5 Qe7 11. Qd2 a5 12. a3 a4 13. b4 axb3 14. cxb3 Nc5 15. Qc2 Ba6 16. b4 Bd3 17. Qd2 Bxe2 18. Qxe2 Nb3 19. Ra2 Nd4 20. Qd3 Nd7 21. Nb5 Nxb5 22. Qxb5 f5 23. Rc1 Ra7 24. a4 f4 25. Bd2 Qf7 26. Rac2 Nf6 27. a5 bxa5 28. bxa5 Nh5 29. Qd3 g5 30. g4 f3 31. gxh5 fxg2 32. Qg3 Qxh5 33. Kxg2 Qg6 34. f3 Qf7 35. Rc6 h6 36. a6 Rb8 37. Be3 Rb2+ 38. Kg1 Ra8 39. Rxc7 Qe8 40. Qg4 Rb3 41. Rc8 Rxe3 42. Qe6+ 1-0

[Event "Sparkassen-Open A"]
[Site "Heusenstamm, Martinsee"]
[Date "2024.11.22"]
[Round "2.20"]
[White "Marcziter, Alex"]
[Black "Baranyai-Molnar, Adam-Kristof"]
[Result "0-1"]
[WhiteElo "1988"]
[BlackElo "2238"]
[PlyCount "172"]
[EventDate "2024.11.21"]
[WhiteTeam "Schachgemeinschaft Porz e. V."]
[BlackTeam "SF Neuberg"]

1. e4 e5 2. Nf3 Nc6 3. Bc4 Nf6 4. d3 h6 5. c3 d6 6. O-O g5 7. Be3 Bg7 8. Nbd2 g4 9. Ne1 a5 10. f4 exf4 11. Bxf4 Qe7 12. d4 Nxe4 13. Bxf7+ Qxf7 14. Nxe4 O-O 15. Nd3 Qg6 16. Ng3 h5 17. Qb3+ Kh8 18. Qb5 h4 19. Qf5 Qh7 20. Qxh7+ Kxh7 21. Nh5 Bf5 22. Nxg7 Bxd3 23. Ne6 Bxf1 24. Nxf8+ Rxf8 25. Rxf1 Kg6 26. Bd2 Rxf1+ 27. Kxf1 Kf5 28. Ke2 Ke4 29. h3 gxh3 30. gxh3 Ne7 31. Bg5 Ng6 32. Bd8 c6 33. Bg5 a4 34. b3 axb3 35. axb3 c5 36. b4 d5 37. Bd8 Nf4+ 38. Kd2 Nxh3 39. Bxh4 Kf3 40. Kd3 Nf4+ 41. Kd2 Ng2 42. Bg5 Kf2 43. Bh6 Nh4 44. Be3+ Kf1 45. Kd1 Ng6 46. Bg5 Nf8 47. Kd2 Ne6 48. Bh6 Nc7 49. Bg5 Ne8 50. Be7 Ng7 51. Bg5 Nf5 52. Bf4 Kf2 53. Be5 Kf3 54. Kd3 Ne3 55. Bf6 Nc4 56. Be7 Kf2 57. Bh4+ Kf1 58. Bg3 Kg2 59. Bf4 Nd6 60. Ke2 Ne4 61. Bc1 Kg1 62. Kd3 Kf1 63. Bf4 Nd6 64. Kd2 Nf5 65. Bg5 Kf2 66. Bf6 Nd6 67. Bh4+ Kf1 68. Kd1 Ne4 69. Be1 Ng5 70. Bh4 Nf3 71. Bg3 Kg2 72. Bf4 Kf2 73. Bh6 Nh2 74. Kd2 Nf1+ 75. Kd1 Ng3 76. Kd2 Ne4+ 77. Kd3 Ke1 78. Kc2 Ke2 79. Bf4 Nf2 80. Bg3 Nd1 81. Bh4 Ne3+ 82. Kb3 Kd3 83. Bg3 Nd1 84. Be1 Ke2 85. Bg3 Kd2 86. Bf4+ Kd3 0-1

[Event "Sparkassen-Open A"]
[Site "Heusenstamm, Martinsee"]
[Date "2024.11.22"]
[Round "2.21"]
[White "Chassard, Cedric"]
[Black "Stichter, Constantin Paul"]
[Result "1/2-1/2"]
[WhiteElo "2283"]
[BlackElo "1965"]
[PlyCount "78"]
[EventDate "2024.11.21"]
[WhiteTeam "SV 1926 Riegelsberg"]
[BlackTeam "SG Traunstein/Traunreut e.V."]

1. e4 e6 2. d4 d5 3. Nd2 c5 4. Ngf3 cxd4 5. Nxd4 Nc6 6. Bb5 Nge7 7. Qe2 a6 8. Nxc6 Nxc6 9. Bd3 Nb4 10. exd5 Nxd3+ 11. Qxd3 Qxd5 12. Qxd5 exd5 13. Nb3 Bf5 14. c3 Bd3 15. Be3 O-O-O 16. O-O-O Bc4 17. Kc2 Bd6 18. Bb6 Bxb3+ 19. axb3 Bc7 20. Be3 Rd7 21. Rd3 Rhd8 22. Rhd1 Rd6 23. Bg5 f6 24. Be3 b6 25. Rd4 Kb7 26. Kd3 Kc6 27. Rh4 h6 28. Rg4 g5 29. h4 f5 30. Ra4 f4 31. Bd4 gxh4 32. Rxa6 Re6 33. Rg1 f3 34. gxf3 h3 35. Rh1 h2 36. Be3 Rg6 37. f4 Rg2 38. Ke2 Rdg8 39. Rc1 R8g3 1/2-1/2

[Event "Sparkassen-Open A"]
[Site "Heusenstamm, Martinsee"]
[Date "2024.11.22"]
[Round "2.22"]
[White "Vranckx, Oscar"]
[Black "Eilers, Stefan"]
[Result "0-1"]
[WhiteElo "2025"]
[BlackElo "2275"]
[PlyCount "92"]
[EventDate "2024.11.21"]
[WhiteTeam "Sfr.Mainz 1928"]
[BlackTeam "SAbt SG 1945 Dietzenbach"]

1. e4 d6 2. d4 Nf6 3. Nc3 e5 4. Nf3 Nbd7 5. Bc4 Be7 6. O-O O-O 7. a4 c6 8. dxe5 dxe5 9. Qe2 h6 10. h3 Re8 11. Be3 Qc7 12. Rad1 Nf8 13. Nd2 Bb4 14. Na2 Bd6 15. Nc3 Ng6 16. Nb3 Bb4 17. Na2 Bf8 18. Nc3 b6 19. Qf3 Nf4 20. Bxf4 exf4 21. Nd4 Bb7 22. Rfe1 a6 23. Nf5 g6 24. Nh4 Kg7 25. Qe2 b5 26. e5 Nh7 27. Bb3 Ng5 28. Rd4 c5 29. Rxf4 c4 30. Bxc4 bxc4 31. Rxc4 Qe7 32. Qg4 Qe6 33. Qxe6 Nxe6 34. Rg4 Red8 35. Nf5+ Kh7 36. Ne3 Rac8 37. Rg3 Rd2 38. Nb1 Rd4 39. b3 Re4 40. Rd1 Rxe5 41. Ng4 Re2 42. c4 Kg7 43. Nc3 Rb2 44. Rd7 Bc6 45. Ra7 Rxb3 46. Ne5 Bb7 0-1

[Event "Sparkassen-Open A"]
[Site "Heusenstamm, Martinsee"]
[Date "2024.11.22"]
[Round "2.23"]
[White "Glöckler, Christian"]
[Black "Leibbrand, Udo"]
[Result "1-0"]
[WhiteElo "2266"]
[BlackElo "2024"]
[PlyCount "133"]
[EventDate "2024.11.21"]
[WhiteTeam "Wiesbadener SV 1885"]
[BlackTeam "SC Pforzheim 1906"]

1. e4 c5 2. Nc3 Nc6 3. Nf3 e5 4. Bc4 Be7 5. d3 d6 6. Nd2 Nf6 7. Nf1 Nd4 8. Ne3 Rb8 9. a4 a6 10. Ncd5 b5 11. Nxf6+ Bxf6 12. Bd5 O-O 13. O-O Bd7 14. axb5 axb5 15. Bd2 Nc6 16. Ra6 Rb6 17. Qa1 Bg5 18. Qa2 Ne7 19. Bb3 Rxa6 20. Qxa6 Qc7 21. Ra1 Rc8 22. c3 Bc6 23. Nf5 Nxf5 24. Bxg5 h6 25. Bd2 Ne7 26. Qa2 Ra8 27. Qb1 Qb7 28. Rxa8+ Qxa8 29. Qa2 Qxa2 30. Bxa2 Kf8 31. f3 f5 32. Be3 fxe4 33. fxe4 Ng6 34. g3 Ke7 35. Bb1 Bd7 36. Kf2 Bg4 37. Bc2 Nf8 38. d4 cxd4 39. cxd4 exd4 40. Bxd4 Ne6 41. Bc3 g5 42. Ke3 Kd7 43. Bf6 Bh5 44. b4 Bg6 45. Bd1 h5 46. h3 Kc6 47. g4 hxg4 48. Bxg4 Bf7 49. Bf3 Kc7 50. Bc3 Kc6 51. Bd2 Kd7 52. Kf2 Ke7 53. Kg3 Kf6 54. Bc3+ Kg6 55. Be2 Be8 56. Bg4 Ng7 57. Kf3 Bc6 58. Ke3 d5 59. Bxg7 Kxg7 60. e5 Kf7 61. Kd4 Ke7 62. Kc5 Bd7 63. Bxd7 Kxd7 64. Kxd5 Ke7 65. e6 Ke8 66. Ke5 Ke7 67. Kf5 1-0